[Event "Mondiale Lampo FIDE 2017"]
[Site "Riyadh"]
[Date "29.12.2017"]
[Round "5.49"]
[White "Georgiev, Kiril"]
[Black "Kovalev, Vladislav"]
[Result "1-0"]
[WhiteTitle "GM"]
[BlackTitle "GM"]
[WhiteElo "2623"]
[BlackElo "2639"]
[WhiteFideId "2900017"]
[BlackFideId "13504398"]
[EventDate "2017.12.29"]

1. d4 Nf6 2. Nf3 g6 3. g3 Bg7 4. Bg2 O-O 5. O-O d6 6. Re1 Nc6 7. d5 Nb8 8. c4
Nbd7 9. Nc3 Nc5 10. h3 a5 11. e4 e5 12. Bg5 h6 13. Bd2 Bd7 14. Qe2 Qe7 15. Kh2
c6 16. Nh4 cxd5 17. exd5 g5 18. Nf3 Nh7 19. Be3 b6 20. Nd2 f5 21. f4 Rae8 22.
Qf1 Qf6 23. Nf3 Qg6 24. Rad1 Kh8 25. Nb5 Bxb5 26. cxb5 Bf6 27. fxe5 dxe5 28. d6
e4 29. d7 Rd8 30. Bxc5 bxc5 31. Ng1 Bd4 32. Qc4 Rxd7 33. Ne2 Rfd8 34. Kh1 Nf6
35. b3 Kg7 36. a3 Nh5 37. b4 axb4 38. axb4 Qb6 39. bxc5 Bxc5 40. Rc1 Be3 41. Rb1
Bf2 42. Rf1 Bxg3 43. Rxf5 Rd1+ 44. Rxd1 Rxd1+ 45. Bf1 Nf6 46. Nxg3 Qe3 47. Nh5+
Kg6 48. Rxf6+ Kxh5 49. Qf7+ Kh4 50. Rxh6+ Kg3 51. Rf6 Rd2 52. Qc7+ Qf4 53. Rxf4
gxf4 54. Qe5 e3 55. b6 Rd1 56. Qg5+ Kf2 57. Qg2+ Ke1 58. Qe2# 1-0

[Event "Mondiale Lampo FIDE 2017"]
[Site "Riyadh"]
[Date "29.12.2017"]
[Round "5.50"]
[White "Dobrov, Vladimir"]
[Black "Onischuk, Vladimir"]
[Result "0-1"]
[WhiteTitle "GM"]
[BlackTitle "GM"]
[WhiteElo "2515"]
[BlackElo "2637"]
[WhiteFideId "4136594"]
[BlackFideId "14114038"]
[EventDate "2017.12.29"]

1. d4 d6 2. Nf3 g6 3. g3 Bg7 4. Bg2 Nf6 5. O-O O-O 6. a4 a5 7. Nc3 Nbd7 8. e4 e5
9. h3 c6 10. Be3 Re8 11. Re1 Qc7 12. Qd2 Nb8 13. Rad1 Na6 14. Kh2 Nb4 15. Bg5
Be6 16. b3 Rad8 17. Qc1 Bc8 18. Re2 Qe7 19. Be3 exd4 20. Nxd4 Qc7 21. Bf4 Qb6
22. Red2 d5 23. exd5 Nfxd5 24. Nxd5 Nxd5 25. Bg5 Rd7 26. c4 Nb4 27. c5 Qc7 28.
Bf4 Qd8 29. Nf3 Nd3 30. Qc4 Nxf4 31. Qxf4 Rxd2 32. Rxd2 Qe7 33. Rd6 Be6 34. Qd2
Bxb3 35. Qxa5 Bd5 36. Qb4 Qe2 37. Rxd5 cxd5 38. Kg1 Qd1+ 39. Kh2 Qc2 40. Qxb7
Qxf2 41. Qxd5 Re2 42. Nh4 Be5 43. Qd8+ Kg7 44. Nf5+ Qxf5 0-1

[Event "Mondiale Lampo FIDE 2017"]
[Site "Riyadh"]
[Date "29.12.2017"]
[Round "5.51"]
[White "Rapport, Richard"]
[Black "Al-Modiahki, Mohamad"]
[Result "1-0"]
[WhiteTitle "GM"]
[BlackTitle "GM"]
[WhiteElo "2707"]
[BlackElo "2542"]
[WhiteFideId "738590"]
[BlackFideId "12100030"]
[EventDate "2017.12.29"]

1. d4 Nf6 2. Bg5 d5 3. e3 Nbd7 4. Nf3 h6 5. Bf4 Nh5 6. Be5 Nxe5 7. dxe5 c6 8. c4
dxc4 9. Qxd8+ Kxd8 10. Bxc4 Ke8 11. Nc3 g5 12. O-O-O Ng7 13. Nd4 Bd7 14. Rd2 b5
15. Bb3 a5 16. a4 b4 17. Ne4 c5 18. Nxc5 Rc8 19. Rc2 Bf5 20. Nxf5 Nxf5 21. e6
Bg7 22. exf7+ 1-0

[Event "Mondiale Lampo FIDE 2017"]
[Site "Riyadh"]
[Date "29.12.2017"]
[Round "5.52"]
[White "Dzhumagaliev, Yan"]
[Black "Ponkratov, Pavel"]
[Result "0-1"]
[WhiteTitle "FM"]
[BlackTitle "GM"]
[WhiteElo "2400"]
[BlackElo "2613"]
[WhiteFideId "24100110"]
[BlackFideId "4157800"]
[EventDate "2017.12.29"]

1. Nf3 c5 2. b3 Nc6 3. Bb2 Nf6 4. e3 d6 5. d4 cxd4 6. exd4 Bg4 7. h3 Bh5 8. Be2
e6 9. O-O Be7 10. c4 d5 11. a3 dxc4 12. bxc4 O-O 13. Nbd2 Qc7 14. Qb3 Rfd8 15.
Rfe1 Rac8 16. Rab1 Bg6 17. Rbc1 Nd7 18. Bf1 Na5 19. Qc3 Bf6 20. Ne4 Bxe4 21.
Rxe4 Nc5 22. Rg4 h5 23. Rg5 Ne4 24. Qe3 Nxg5 25. Nxg5 Qb6 26. Bc3 Nxc4 27. Qg3
Nd6 28. Bd3 Rxc3 29. Rxc3 Qxd4 30. h4 Qxc3 0-1

[Event "Mondiale Lampo FIDE 2017"]
[Site "Riyadh"]
[Date "29.12.2017"]
[Round "5.53"]
[White "Ibrahimov, Rasul"]
[Black "Omar, Noaman"]
[Result "1/2-1/2"]
[WhiteTitle "GM"]
[BlackTitle "IM"]
[WhiteElo "2518"]
[BlackElo "2364"]
[WhiteFideId "13400495"]
[BlackFideId "9300244"]
[EventDate "2017.12.29"]

1. Nf3 d5 2. d4 Nf6 3. c4 e6 4. Nc3 Be7 5. Bf4 O-O 6. e3 b6 7. Bd3 dxc4 8. Bxc4
Bb7 9. O-O a6 10. Qe2 b5 11. Bb3 Nbd7 12. Rfd1 c5 13. dxc5 Qe8 14. a3 Nxc5 15.
Ba2 Rd8 16. Nd4 Kh8 17. f3 Rd7 18. b4 Na4 19. Nxa4 bxa4 20. e4 Qa8 21. Be3 Rfd8
22. Rac1 Rc8 23. Rc2 Rxc2 24. Qxc2 h6 25. Qxa4 Qd8 26. Bb3 Bxe4 1/2-1/2

[Event "Mondiale Lampo FIDE 2017"]
[Site "Riyadh"]
[Date "29.12.2017"]
[Round "5.54"]
[White "El Adnani, Mokliss"]
[Black "Saeed, Ishaq"]
[Result "0-1"]
[WhiteTitle "IM"]
[BlackTitle "FM"]
[WhiteElo "2448"]
[BlackElo "2434"]
[WhiteFideId "9000410"]
[BlackFideId "9301453"]
[EventDate "2017.12.29"]

1. d4 Nf6 2. Nf3 e6 3. g3 b6 4. Bg2 Bb7 5. O-O Be7 6. c4 O-O 7. d5 exd5 8. Nh4
c6 9. cxd5 Nxd5 10. Nf5 Nc7 11. e4 d5 12. Nc3 Nba6 13. Qg4 Bf6 14. Bf4 Ne6 15.
e5 Bg5 16. Nd6 Bc8 17. Nxc8 Rxc8 18. Rad1 Nac7 19. Ne4 Be7 20. Bc1 f5 21. exf6
Bxf6 22. h4 Qe7 23. Nc3 Rce8 24. Rfe1 Qc5 25. Re2 Bxc3 26. bxc3 Qc4 27. Qxc4
dxc4 28. Bxc6 Rd8 29. Rde1 Nc5 30. Bf4 Nd5 31. Be5 Nd3 32. Rd1 Nxe5 33. Rxe5
Nxc3 34. Rc1 Nxa2 35. Rxc4 Kh8 36. Re2 Rd1+ 37. Kg2 Ra1 38. Bd5 a5 39. Rf4 Rd8
40. Bxa2 0-1

[Event "Mondiale Lampo FIDE 2017"]
[Site "Riyadh"]
[Date "29.12.2017"]
[Round "5.55"]
[White "Haddouche, Mohamed"]
[Black "Lam, Daniel King-wai"]
[Result "0-1"]
[WhiteTitle "GM"]
[BlackTitle "FM"]
[WhiteElo "2505"]
[BlackElo "2222"]
[WhiteFideId "7900660"]
[BlackFideId "6001238"]
[EventDate "2017.12.29"]

1. e4 e6 2. d3 c5 3. Nf3 Nc6 4. g3 g6 5. Bg2 Bg7 6. O-O Nge7 7. Re1 d6 8. c3 O-O
9. d4 cxd4 10. cxd4 d5 11. e5 b5 12. Bf4 Qb6 13. Nc3 Nf5 14. Ne2 f6 15. Qd2 a5
16. Rac1 Bd7 17. g4 fxe5 18. gxf5 exf4 19. fxe6 Bxe6 20. Nxf4 Bf7 21. Ng5 Nxd4
22. Nxf7 Rxf7 23. Bxd5 Rf8 24. Re7 Qf6 25. Rxf7 Rxf7 26. Rc8+ Bf8 27. Bxf7+ Kxf7
28. Qe3 Qg5+ 29. Kf1 Qe7 30. Qxd4 0-1

[Event "Mondiale Lampo FIDE 2017"]
[Site "Riyadh"]
[Date "29.12.2017"]
[Round "5.56"]
[White "Sanal, Vahap"]
[Black "Al-Hajiri, Bader"]
[Result "1-0"]
[WhiteTitle "GM"]
[BlackTitle "FM"]
[WhiteElo "2551"]
[BlackElo "2165"]
[WhiteFideId "6300545"]
[BlackFideId "10300163"]
[EventDate "2017.12.29"]

1. e4 e5 2. Nf3 f5 3. d3 d6 4. Nc3 Nf6 5. Be2 Be7 6. exf5 Bxf5 7. d4 e4 8. Nd2
d5 9. Nf1 O-O 10. Ng3 Be6 11. Be3 c6 12. Qd2 Nbd7 13. f3 exf3 14. Bxf3 Ng4 15.
Bf4 Nb6 16. O-O Rxf4 17. Qxf4 Bg5 18. Bxg4 Bxf4 19. Bxe6+ Kh8 20. Rxf4 Qd6 21.
Raf1 h6 22. Bf7 Rf8 23. Nf5 Qb4 24. Bg6 Qxb2 25. Ne3 Rf6 26. Rxf6 gxf6 27. Ned1
Qb4 28. Rf4 Qd6 29. g3 Nc4 30. Bd3 Nb6 31. Kg2 Nd7 32. Ne3 b5 33. Nf5 Qf8 34.
Rh4 a5 35. Ne2 c5 36. Nf4 1-0

[Event "Mondiale Lampo FIDE 2017"]
[Site "Riyadh"]
[Date "29.12.2017"]
[Round "5.57"]
[White "Tissir, Mohamed"]
[Black "Khairat, Ahmed"]
[Result "1-0"]
[WhiteTitle "IM"]
[BlackTitle "CM"]
[WhiteElo "2381"]
[BlackElo "2211"]
[WhiteFideId "9000240"]
[BlackFideId "10624171"]
[EventDate "2017.12.29"]

1. e4 e5 2. Nf3 Nc6 3. Bc4 Nf6 4. d3 Bc5 5. c3 d6 6. Bb3 a5 7. Nbd2 h6 8. a4 Be6
9. O-O Qd7 10. Nc4 Bg4 11. Ne3 Bh5 12. Bc4 g5 13. Nf5 O-O-O 14. Bb5 Bg6 15. d4
Bxf5 16. exf5 exd4 17. cxd4 g4 18. Nh4 Bb6 19. d5 Qe7 20. dxc6 Ne4 21. f6 Qxf6
22. Qxg4+ Qe6 23. Qxe6+ fxe6 24. Be3 Nc5 25. Ng6 Rh7 26. Nf4 e5 27. Nd5 Ba7 28.
Rfd1 Rg8 29. Nf6 Rhg7 30. Nxg8 Rxg8 31. Rac1 h5 32. h4 Rg4 33. Be2 Rxh4 34. g3
Rxa4 35. cxb7+ Kxb7 36. Bxh5 Ra2 37. Rb1 a4 38. Bf3+ Kc8 39. Bd5 Nb3 40. Bxa7 1-0

[Event "Mondiale Lampo FIDE 2017"]
[Site "Riyadh"]
[Date "29.12.2017"]
[Round "5.58"]
[White "Al Ghamdi, Ahmed M"]
[Black "Abdyjapar, Asyl"]
[Result "0-1"]
[WhiteTitle "CM"]
[BlackTitle "IM"]
[WhiteElo "2159"]
[BlackElo "2382"]
[WhiteFideId "21500150"]
[BlackFideId "13800337"]
[EventDate "2017.12.29"]

1. e4 c5 2. Nf3 d6 3. Bb5+ Bd7 4. Bxd7+ Qxd7 5. O-O Nc6 6. Re1 Nf6 7. c3 e6 8.
d3 Be7 9. Nbd2 O-O 10. Nf1 Rac8 11. Ng3 h6 12. h3 Ne5 13. Bf4 Ng6 14. Bd2 Rfe8
15. a4 Bf8 16. a5 Qb5 17. Qc2 Ne5 18. c4 Nxf3+ 19. gxf3 Qd7 20. Kh2 d5 21. Bc3
Nh7 22. Rg1 d4 23. Bd2 f5 24. e5 Qf7 25. f4 Kh8 26. Qd1 Rc7 27. Qh5 g6 28. Qf3
Be7 29. Ra3 Nf8 30. Rb3 Bd8 31. Ra3 Kh7 32. Nf1 Qd7 33. Ra1 Qc6 34. Qxc6 Rxc6
35. Ng3 Bh4 36. Rg2 Rb8 37. Ne2 Bd8 38. Ng1 Ra6 39. Nf3 b6 40. Rgg1 bxa5 41. Bc1
a4 42. Nh4 Bxh4 0-1

[Event "Mondiale Lampo FIDE 2017"]
[Site "Riyadh"]
[Date "29.12.2017"]
[Round "5.59"]
[White "Amer, Said Salim Al Maashani"]
[Black "Shytaj, Luca"]
[Result "0-1"]
[WhiteTitle "FM"]
[BlackTitle "IM"]
[WhiteElo "2103"]
[BlackElo "2459"]
[WhiteFideId "22000100"]
[BlackFideId "812633"]
[EventDate "2017.12.29"]

1. e4 c5 2. Nf3 Nf6 3. Nc3 d6 4. d4 cxd4 5. Nxd4 a6 6. g3 g6 7. Bg2 Bg7 8. O-O
O-O 9. h3 Nfd7 10. f4 Nc6 11. Nxc6 bxc6 12. Be3 Rb8 13. Na4 Qa5 14. c3 c5 15.
Rb1 Bb7 16. e5 Bxg2 17. Kxg2 Qc7 18. exd6 exd6 19. f5 Rfe8 20. Bf4 Ne5 21. Qd5
gxf5 22. b3 Re6 23. Rbd1 Rbe8 24. Rf2 Bf8 25. Nb2 Ng6 26. Bg5 Re5 27. Qd3 Qc6+
28. Kh2 d5 29. h4 Re4 30. Bf4 Nxf4 31. gxf4 Qh6 32. Rg1+ Kh8 33. Qg3 Bd6 34. Nd3
Re3 35. Rf3 Rxf3 36. Qxf3 Qxh4+ 37. Qh3 Re2+ 38. Rg2 Bxf4+ 39. Nxf4 Qxf4+ 40.
Qg3 Rxg2+ 41. Kxg2 Qxg3+ 42. Kxg3 Kg7 43. b4 cxb4 44. cxb4 Kf6 45. a4 Ke6 46. b5
axb5 47. a5 Kd6 48. a6 Kc6 49. a7 Kb7 0-1

[Event "Mondiale Lampo FIDE 2017"]
[Site "Riyadh"]
[Date "29.12.2017"]
[Round "5.60"]
[White "Minko, Vladimir"]
[Black "Alem, Ali Hussien"]
[Result "1-0"]
[WhiteTitle "IM"]
[WhiteElo "2381"]
[BlackElo "1745"]
[WhiteFideId "24146706"]
[BlackFideId "21500088"]
[EventDate "2017.12.29"]

1. d4 Nf6 2. c4 e5 3. dxe5 Ng4 4. e3 Nxe5 5. Nh3 Nbc6 6. Nf4 Bb4+ 7. Bd2 Qe7 8.
Be2 O-O 9. O-O Bxd2 10. Qxd2 d6 11. Nc3 Qf6 12. Ncd5 Qd8 13. Rfd1 Be6 14. Nxe6
fxe6 15. Nf4 Qf6 16. b4 Qh6 17. Rac1 Rf7 18. b5 Ne7 19. c5 Rd8 20. cxd6 Rxd6 21.
Qa5 Rb6 22. Rxc7 Nf5 23. Rc8+ Rf8 24. Rxf8+ Kxf8 25. Qxa7 Nh4 26. Qxb6 Nxg2 27.
Rd8+ 1-0

[Event "Mondiale Lampo FIDE 2017"]
[Site "Riyadh"]
[Date "29.12.2017"]
[Round "5.61"]
[White "Al-Saffar, Araz Basim Mohammed S"]
[Black "Salama, Taher"]
[Result "1-0"]
[WhiteTitle "IM"]
[WhiteElo "2368"]
[BlackElo "1769"]
[WhiteFideId "4801040"]
[BlackFideId "11502231"]
[EventDate "2017.12.29"]

1. d4 Nf6 2. c4 e6 3. Nf3 Be7 4. Nc3 d5 5. cxd5 exd5 6. Bg5 O-O 7. e3 c6 8. Bd3
Bg4 9. h3 Bh5 10. Qc2 Bg6 11. O-O Nbd7 12. Rab1 a5 13. a3 Re8 14. Bxg6 hxg6 15.
b4 axb4 16. axb4 Nf8 17. b5 Ne6 18. Bxf6 Bxf6 19. bxc6 bxc6 20. Rfc1 c5 21. dxc5
Nxc5 22. Nxd5 Qxd5 23. Qxc5 Qxc5 24. Rxc5 Ra2 25. Rc7 Ra1 26. Rxa1 Bxa1 27. Ng5
Rd8 28. g3 Rf8 29. Kg2 Bf6 30. Ne4 Be5 31. Re7 Ba1 32. f4 Rc8 33. Kf3 Kf8 34.
Rxf7+ Kxf7 35. Nd6+ Ke6 36. Nxc8 Bf6 37. e4 Bd8 38. e5 Kd7 39. Nd6 Ke6 40. Ke4
Be7 41. Nc4 Bf8 42. Ne3 Be7 43. Ng2 Bf8 44. Nh4 Kf7 45. Kd5 Be7 46. Nf3 Bd8 47.
Ng5+ Bxg5 48. fxg5 Ke7 49. e6 1-0

[Event "Mondiale Lampo FIDE 2017"]
[Site "Riyadh"]
[Date "29.12.2017"]
[Round "5.62"]
[White "Samhouri, A."]
[Black "Alanazy, Mohammed"]
[Result "1-0"]
[WhiteTitle "FM"]
[WhiteElo "2355"]
[BlackElo "1850"]
[WhiteFideId "8100640"]
[BlackFideId "21508488"]
[EventDate "2017.12.29"]

1. c4 e5 2. Nc3 Nf6 3. g3 d5 4. cxd5 Nxd5 5. Bg2 c6 6. Nxd5 cxd5 7. Qb3 e4 8. d3
f5 9. Nh3 Nc6 10. O-O Be7 11. Nf4 Nd4 12. Qa4+ Nc6 13. Qb5 O-O 14. Qxd5+ Qxd5
15. Nxd5 Bc5 16. dxe4 fxe4 17. Bxe4 Bf5 18. Bxf5 Rxf5 19. Nc3 Raf8 20. e3 Ne5
21. f4 Ng4 22. Re1 Re8 23. Kg2 g5 24. e4 gxf4 25. Bxf4 Rff8 26. Re2 a6 27. Nd5
Ne5 1-0

[Event "Mondiale Lampo FIDE 2017"]
[Site "Riyadh"]
[Date "29.12.2017"]
[Round "5.63"]
[White "Bukannan, Ahmed A"]
[Black "Khader, Sami"]
[Result "1/2-1/2"]
[BlackTitle "IM"]
[WhiteElo "1929"]
[BlackElo "2392"]
[WhiteFideId "21504164"]
[BlackFideId "8100500"]
[EventDate "2017.12.29"]

1. Nf3 Nf6 2. c4 g6 3. Nc3 Bg7 4. g3 O-O 5. Bg2 d6 6. d3 e5 7. O-O Nc6 8. a3 a5
9. Qc2 Bd7 10. Rd1 Re8 11. e4 Rf8 12. Bg5 h6 13. Be3 Ng4 14. Bc1 f5 15. h3 Nf6
16. Nh4 Kh7 17. exf5 gxf5 18. f4 Nh5 19. Qf2 exf4 20. Bxf4 Nxf4 21. Qxf4 Be5 22.
Qf3 Nd4 23. Qf2 Nb3 24. d4 Bg7 25. Rab1 Qf6 26. Nf3 c6 27. Qc2 a4 28. Nxa4 Rxa4
29. Qxb3 c5 30. dxc5 Bc6 31. Rxd6 Qe7 32. Re1 Qf7 33. Rxc6 bxc6 34. Qxa4 f4 35.
Qc2+ Kh8 36. g4 Qf6 37. b4 Qd8 38. Rd1 Qe7 39. Qd3 Ra8 40. Re1 Qf6 41. Ne5 Kg8
42. Bxc6 Rd8 43. Bd5+ Kh8 44. Ng6+ Kh7 45. Ne7+ Kh8 1/2-1/2

[Event "Mondiale Lampo FIDE 2017"]
[Site "Riyadh"]
[Date "29.12.2017"]
[Round "5.64"]
[White "Al Zamel, Khaled"]
[Black "Lodhi, Mahmood"]
[Result "0-1"]
[BlackTitle "IM"]
[WhiteElo "1942"]
[BlackElo "2347"]
[WhiteFideId "21500967"]
[BlackFideId "7800010"]
[EventDate "2017.12.29"]

1. e4 e5 2. Bc4 Nf6 3. Nc3 Bc5 4. Nf3 Nc6 5. O-O d6 6. a3 h6 7. d3 Be6 8. Bxe6
fxe6 9. Bd2 O-O 10. b4 Bb6 11. Na4 Qe8 12. Nxb6 axb6 13. c3 Nh5 14. d4 exd4 15.
Nxd4 e5 16. Nf5 Kh7 17. Kh1 Nd8 18. Ng3 Nf4 19. Bxf4 exf4 20. Nf5 Qxe4 21. Qb1
Qxb1 22. Raxb1 Rxf5 23. Rfe1 Nc6 24. Re2 Rxa3 25. Rbe1 Rxc3 26. f3 Nxb4 27. Re7
Nd3 28. Ra1 Ra5 29. Rd1 Re5 30. Rf7 Kg6 31. Rf8 Nf2+ 0-1

[Event "Mondiale Lampo FIDE 2017"]
[Site "Riyadh"]
[Date "29.12.2017"]
[Round "5.65"]
[White "Al Mahmood, Salman"]
[Black "Bosiocic, Marin"]
[Result "0-1"]
[BlackTitle "GM"]
[WhiteElo "1593"]
[BlackElo "2624"]
[WhiteFideId "11201517"]
[BlackFideId "14507927"]
[EventDate "2017.12.29"]

1. e4 e5 2. d4 exd4 3. Qxd4 Nc6 4. Qe3 Nf6 5. Nc3 Bb4 6. Bd2 O-O 7. O-O-O Re8 8.
Bc4 d6 9. f3 Be6 10. Bb3 Bxb3 11. axb3 d5 12. Qf4 d4 13. Nce2 d3 14. Bxb4 Nxb4
15. e5 Nfd5 16. Qd2 dxc2 17. Rf1 Na2+ 18. Kxc2 Ndb4+ 19. Kd1 Rxe5 20. Nc3 Qxd2+
21. Kxd2 Rd8+ 22. Nd5 Rdxd5# 0-1

[Event "Mondiale Lampo FIDE 2017"]
[Site "Riyadh"]
[Date "29.12.2017"]
[Round "5.66"]
[White "Kuzubov, Yuriy"]
[Black "Potkin, Vladimir"]
[Result "1-0"]
[WhiteTitle "GM"]
[BlackTitle "GM"]
[WhiteElo "2699"]
[BlackElo "2574"]
[WhiteFideId "14112906"]
[BlackFideId "4131061"]
[EventDate "2017.12.29"]

1. Nf3 c5 2. e4 e6 3. d3 d5 4. Nbd2 Nc6 5. g3 Nf6 6. Bg2 Be7 7. O-O O-O 8. Re1
b5 9. e5 Nd7 10. Nf1 a5 11. h4 b4 12. N1h2 a4 13. Ng4 a3 14. b3 Ba6 15. Bg5 Nd4
16. Nxd4 cxd4 17. Qd2 Rc8 18. Rac1 Re8 19. Nh2 Qb6 20. Qf4 Bc5 21. Qg4 Kh8 22.
Bxd5 Nxe5 23. Rxe5 exd5 24. Rce1 Rxe5 25. Rxe5 Bf8 26. Re2 h6 27. Bf4 f6 28. Nf3
Bb5 29. Qxc8 1-0

[Event "Mondiale Lampo FIDE 2017"]
[Site "Riyadh"]
[Date "29.12.2017"]
[Round "5.67"]
[White "Al Habeeb, Emad"]
[Black "Miswadah, Baha"]
[Result "0-1"]
[WhiteElo "1933"]
[BlackElo "1877"]
[WhiteFideId "21500029"]
[BlackFideId "11502118"]
[EventDate "2017.12.29"]

1. d4 Nf6 2. c4 e6 3. Nc3 Bb4 4. Nf3 O-O 5. Qc2 c5 6. e3 b6 7. Be2 Bxc3+ 8. bxc3
d6 9. O-O Nc6 10. Rd1 Qc7 11. e4 e5 12. d5 Na5 13. h3 Ba6 14. Nd2 h6 15. Qd3 Qe7
16. Qg3 Kh7 17. Bd3 Nh5 18. Qg4 Nf4 19. Bf1 g6 20. g3 Nh5 21. Re1 Bc8 22. Qd1 f5
23. exf5 Bxf5 24. g4 Nf4 25. gxf5 gxf5 26. Nf3 Rg8+ 27. Kh2 Qg7 28. Bxf4 exf4
29. Re6 Rae8 30. Qe2 Rxe6 31. Qxe6 Qxc3 32. Re1 Qxf3 33. Qxf5+ Kh8 34. Qf6+ Rg7
35. Re8+ Kh7 36. Qf5+ Rg6 37. Re7+ Kh8 38. Qf8+ Rg8 0-1

[Event "Mondiale Lampo FIDE 2017"]
[Site "Riyadh"]
[Date "29.12.2017"]
[Round "5.68"]
[White "Al Abdali, Zeyad Saleh"]
[Black "Farhan, Marwan Ali"]
[Result "0-1"]
[WhiteElo "1801"]
[BlackElo "1975"]
[WhiteFideId "21501505"]
[BlackFideId "9401652"]
[EventDate "2017.12.29"]

1. d4 d5 2. Nf3 e6 3. c4 Nf6 4. Nc3 Be7 5. Bf4 O-O 6. e3 b6 7. h3 Bb7 8. Be2 Ne4
9. O-O Nd7 10. Qc2 Rc8 11. Rfd1 f5 12. a3 Ndf6 13. Ne5 Nxc3 14. bxc3 Ne4 15. f3
Nf6 16. cxd5 Nxd5 17. Bh2 Nxe3 18. Qd2 Nxd1 19. Qxd1 c5 20. Kh1 cxd4 21. cxd4
Qd5 22. Qd2 Rfd8 23. Bg1 Bf6 24. f4 Qxg2# 0-1

[Event "Mondiale Lampo FIDE 2017"]
[Site "Riyadh"]
[Date "29.12.2017"]
[Round "5.69"]
[White "Masrahi, Abdulrahman A"]
[Black "Al Saidi, Mohammed Khalfan"]
[Result "1/2-1/2"]
[WhiteTitle "CM"]
[WhiteElo "1962"]
[BlackElo "1468"]
[WhiteFideId "21501564"]
[BlackFideId "22001271"]
[EventDate "2017.12.29"]

1. d4 Nf6 2. Bf4 d5 3. e3 c5 4. c3 Nc6 5. Nd2 cxd4 6. exd4 Bf5 7. Ngf3 e6 8. Be2
Be7 9. O-O O-O 10. Ne5 Nxe5 11. Bxe5 a6 12. Bxf6 Bxf6 13. f4 h6 14. Kh1 b5 15.
a3 Rb8 16. Nf3 a5 17. Ne5 Bxe5 18. fxe5 b4 19. axb4 axb4 20. Bg4 Bxg4 21. Qxg4
bxc3 22. bxc3 Rb2 23. Rf6 Kh8 24. Qh5 Qb8 25. Raf1 Rb1 26. h3 gxf6 27. Qxh6+ Kg8
28. Qxf6 Rxf1+ 29. Qxf1 f5 30. exf6 Qg3 31. Qb5 Rxf6 32. Qe8+ Kg7 33. Qe7+ Kg6
34. Qe8+ Kg7 35. Kg1 Qf2+ 36. Kh2 Qf4+ 37. Kh1 Qg3 38. Kg1 Qe3+ 39. Kh2 Qf4+ 40.
Kg1 Qe3+ 41. Kh2 Qxc3 42. Qe7+ Kg6 43. Qe8+ Kg7 44. Qe7+ Rf7 45. Qg5+ Kf8 46.
Qd8+ Kg7 47. Qg5+ Kf8 1/2-1/2

[Event "Mondiale Lampo FIDE 2017"]
[Site "Riyadh"]
[Date "29.12.2017"]
[Round "6.1"]
[White "Bortnyk, Olexandr"]
[Black "Carlsen, Magnus"]
[Result "1/2-1/2"]
[WhiteTitle "GM"]
[BlackTitle "GM"]
[WhiteElo "2610"]
[BlackElo "2837"]
[WhiteFideId "14120828"]
[BlackFideId "1503014"]
[EventDate "2017.12.29"]

1. e4 Nc6 2. Nf3 d6 3. d4 Nf6 4. Nc3 g6 5. Be2 Bg7 6. O-O O-O 7. d5 Nb8 8. Re1
c6 9. Bf1 Bg4 10. h3 Bxf3 11. Qxf3 Nbd7 12. Qd1 Rc8 13. Be3 a6 14. a4 Qa5 15.
Qd2 Rfe8 16. b4 Qc7 17. Ra3 cxd5 18. exd5 Ne5 19. Rb3 Nc4 20. Bxc4 Qxc4 21. Bd4
Bh6 22. Be3 Bxe3 23. Rxe3 Qf4 24. Qd3 Rc7 25. b5 a5 26. b6 Rc5 27. Rb5 Nd7 28.
Rxc5 Nxc5 29. Qb5 Ra8 30. Rxe7 Qc1+ 31. Kh2 Qxc2 32. Ne2 Qf5 33. Qc4 Qxf2 34.
Nc3 Qf6 35. Re2 Nd7 36. Ne4 Qf4+ 37. g3 Qe5 38. Qb5 Rd8 39. Qxa5 Nc5 40. Nc3 Qd4
41. Nb5 Qxd5 42. Qb4 Qf3 43. Qd2 Nxa4 44. Rf2 Qc6 45. Qf4 Rf8 46. Qxa4 Qxb6 47.
Rd2 d5 48. Nc3 Qe3 49. Qd4 Qxd4 50. Rxd4 Kg7 51. Rxd5 Rc8 52. Nb5 Rc2+ 53. Kg1
Rc1+ 54. Kf2 Rb1 55. h4 Rb2+ 56. Ke3 Rb3+ 57. Kf4 Rb4+ 58. Kf3 Rb3+ 59. Kf4 Rb4+
60. Nd4 Kf6 61. Rd7 h6 62. g4 Kg7 63. g5 hxg5+ 64. hxg5 Ra4 65. Ke4 Rb4 66. Ke5
Rb6 67. Rc7 Kg8 68. Re7 Kg7 69. Rd7 Kg8 70. Rd6 Rb2 71. Rd8+ Kg7 72. Rd7 Rb6 73.
Rc7 Kf8 74. Kd5 Kg8 75. Rd7 Rb1 76. Ke4 Re1+ 77. Kf4 Rb1 78. Nf3 Kg7 79. Ne5
Rf1+ 80. Kg4 Rg1+ 81. Kh4 Rh1+ 82. Kg3 Rg1+ 83. Kf4 Rf1+ 84. Nf3 Rb1 85. Rc7
Rb4+ 86. Ke3 Rb3+ 87. Ke4 Rb5 88. Nd4 Rb6 89. Kd5 Kg8 90. Nf3 Rb5+ 91. Ke4 Rb4+
92. Nd4 Rb1 93. Nf3 Rb4+ 94. Ke5 Rb5+ 95. Ke4 Rb4+ 96. Nd4 Rb1 97. Ke5 Re1+ 98.
Kf4 Rf1+ 99. Nf3 Rb1 100. Ne5 Rf1+ 101. Ke4 Rf5 102. Nf3 b5 103. Re7 Kg7 104.
Rb7 Kg8 105. Rc7 Kg7 106. Nd4 Rf1 107. Rb7 Kg8 108. Rxb5 f6 109. Rb8+ Kf7 110.
Rb7+ Kg8 111. gxf6 Rxf6 112. Ke5 Rf7 113. Rb6 Kh7 114. Ne6 Rf5+ 115. Ke4 Kh6
116. Nf4 Rg5 117. Ra6 Rg1 118. Ra8 Re1+ 119. Kf3 Rf1+ 120. Kg3 Rg1+ 121. Kf2 Rg4
122. Kf3 Rg1 123. Ne6 g5 124. Nd4 Kg6 125. Kf2 1/2-1/2

[Event "Mondiale Lampo FIDE 2017"]
[Site "Riyadh"]
[Date "29.12.2017"]
[Round "6.3"]
[White "Bacrot, Etienne"]
[Black "Amin, Bassem"]
[Result "1/2-1/2"]
[WhiteTitle "GM"]
[BlackTitle "GM"]
[WhiteElo "2725"]
[BlackElo "2689"]
[WhiteFideId "605506"]
[BlackFideId "10601457"]
[EventDate "2017.12.29"]

1. e4 e5 2. Nf3 Nc6 3. Bb5 a6 4. Ba4 Nf6 5. O-O Be7 6. d3 d6 7. c3 O-O 8. Re1
Re8 9. Nbd2 Bf8 10. Nf1 b5 11. Bb3 Na5 12. Bc2 c5 13. d4 cxd4 14. cxd4 Bg4 15.
d5 Rc8 16. Bd3 Nc4 17. h3 Bh5 18. g4 Bg6 19. Ng3 Nd7 20. b3 Ncb6 21. b4 Na4 22.
h4 h6 23. h5 Bh7 24. g5 hxg5 25. Nxg5 Qf6 26. Qg4 Qd8 27. Nxh7 Kxh7 28. Bg5 Be7
29. Bd2 Nf6 30. Qf5+ Kg8 31. Rac1 Qd7 32. Qxd7 Nxd7 33. Bf1 Ndb6 34. Nf5 Bf8 35.
Ne3 Nb2 36. Bh3 Rxc1 37. Rxc1 N2c4 38. Nxc4 Nxc4 39. Be1 g6 40. hxg6 fxg6 41. a4
Bh6 42. Rc3 Rf8 43. axb5 axb5 44. Bd7 Nd2 45. Bxd2 Bxd2 46. Rg3 Kg7 47. Bxb5
Bxb4 48. Kg2 Be1 49. Rf3 1/2-1/2